[Event "Misurata op"]
[Site "Misurata"]
[Date "2022.12.15"]
[Round "9"]
[White "Abuanza, Mousa"]
[Black "Naser Eldean, Ahmed"]
[Result "0-1"]
[WhiteElo "1886"]
[BlackElo "1958"]
[PlyCount "86"]
[EventDate "2022.12.08"]
[EventType "swiss"]
[EventRounds "9"]
[EventCountry "LBY"]
[SourceTitle "EXT 2024"]
[Source "ChessBase"]
[SourceDate "2023.10.10"]
[SourceVersion "1"]
[SourceVersionDate "2023.10.10"]
[SourceQuality "1"]

1. d4 Nf6 2. c4 g6 3. Nc3 Bg7 4. Nf3 0-0 5. Bg5 d6 6. e4 h6 7. Bh4 g5 8. Bg3 Nh5 9. Be2 Nd7 10. Qd2 c6 11. 0-0 e5 12. dxe5 Nxg3 13. hxg3 dxe5 14. Rad1 Qe7 15. Ne1 Nc5 16. Qd6 Qxd6 17. Rxd6 Ne6 18. Nc2 Nd4 19. Bd1 Re8 20. Ne3 Bf8 21. c5 Bxd6 22. cxd6 b5 23. f4 exf4 24. gxf4 b4 25. Ncd5 cxd5 26. Nxd5 Rd8 27. e5 Be6 28. Ne7+ Kg7 29. f5 Bc4 30. Re1 f6 31. b3 Bd3 32. exf6+ Kxf6 33. Nd5+ Kxf5 34. Ne7+ Kf6 35. Nd5+ Kg6 36. Re3 Bc2 37. Bxc2+ Nxc2 38. Re6+ Kf5 39. Rxh6 Ke5 40. Nc7 Rac8 41. Re6+ Kf5 42. g4+ Kxg4 43. Nd5 Rc6 0-1

[Event "Misurata op"]
[Site "Misurata"]
[Date "2022.12.14"]
[Round "8"]
[White "Alfaitori, Abdallah"]
[Black "Abuanza, Mousa"]
[Result "1-0"]
[WhiteElo "1914"]
[BlackElo "1886"]
[PlyCount "137"]
[EventDate "2022.12.08"]
[EventType "swiss"]
[EventRounds "9"]
[EventCountry "LBY"]
[SourceTitle "EXT 2024"]
[Source "ChessBase"]
[SourceDate "2023.10.10"]
[SourceVersion "1"]
[SourceVersionDate "2023.10.10"]
[SourceQuality "1"]

1. d4 e6 2. Nc3 d5 3. Nf3 c5 4. e3 Nf6 5. Be2 Nc6 6. 0-0 Bd7 7. a3 cxd4 8. exd4 Be7 9. Bf4 a6 10. Na4 Ne4 11. c4 0-0 12. c5 g5 13. Bc1 g4 14. Ne1 f5 15. Nb6 Rb8 16. Bf4 e5 17. dxe5 Be6 18. b4 Bg5 19. Nd3 Nd4 20. Rc1 Qe7 21. Kh1 Rbd8 22. f3 Nxe2 23. Qxe2 Bxf4 24. Nxf4 Ng5 25. Rcd1 Qf7 26. fxg4 fxg4 27. Nfxd5 Qg7 28. Rxf8+ Rxf8 29. Nf6+ Kh8 30. Nbd5 Qg6 31. Nf4 Qf5 32. Rf1 Nf7 33. Nxe6 Qxe6 34. Nxg4 h5 35. Ne3 Qxe5 36. Rf5 Qa1+ 37. Nf1 Kg7 38. Qxh5 Qd4 39. Qf3 Qh4 40. Ng3 Kg8 41. Rf4 Qe7 42. Qg4+ Ng5 43. Rxf8+ Kxf8 44. h4 Nf7 45. Nf5 Qe5 46. Qf3 Qe1+ 47. Kh2 Qe5+ 48. Kh3 Qe6 49. g4 Ne5 50. Qe3 Qd5 51. Qh6+ Ke8 52. Qh8+ Kd7 53. Qg7+ Nf7 54. Qd4 Qxd4 55. Nxd4 a5 56. g5 Ne5 57. Nc2 axb4 58. axb4 Ke7 59. Kg3 Kf7 60. h5 Ke6 61. Kf4 Nd3+ 62. Ke4 Nf2+ 63. Kf3 Nd3 64. Ke3 Ne5 65. Nd4+ Kd5 66. g6 Nd7 67. h6 Ne5 68. Ne2 Nxg6 69. Nf4+ 1-0